| 000 | 00542nam a22001937a 4500 | ||
|---|---|---|---|
| 005 | 20241028161131.0 | ||
| 010 | _aENG-142497 | ||
| 020 |
_c250.00 _a9789387162938 |
||
| 035 | _aEN-126029 | ||
| 037 | _bDBAD | ||
| 082 |
_a616.0252 _24 |
||
| 100 |
_aMohapatra, R. _973594 |
||
| 245 |
_aFirst Aid For You & Me/ _cBy R. Mohapatra |
||
| 250 | _a4 | ||
| 260 |
_c2022 _bAcademic Publishers _aKolkatta |
||
| 270 |
_a5A Bhawani Dutta Lane _bKolkatta _e700073 |
||
| 300 |
_axvi,344p _c21cm(pb) |
||
| 942 |
_2ddc _cEN _h616.0252 _mMOH |
||
| 999 |
_c206832 _d206832 |
||